00333nam a2200109Ia 4500008004100000082001600041100001900057245001900076260004600095300000900141650007300150211119s9999||||xx |||||||||||||| ||und|| a920 bMAN-S aManmathan, M P 0aSmrutidarpanam bSahityapravarthaka SangomaKottayamc1994 a220p aHistoryvBiographyGreat PersonalitiesEconomicsxPGR-GANDHIAN STUDIES